000
00277nam a22001217a 4500
020
_a
9788178849294
082
_a
070.4
100
_a
J. David
245
_a
Print and broadcast journalism
260
_a
New Delhi
_b
Cybertech publications
_c
2012
300
_a
288p
942
_c
BK
999
_c
2761
_d
2761